[Event "Bruges Masters"]
[Site "Bruges"]
[Date "2019.08.12"]
[Round "3"]
[White "Van Malder, Dries"]
[Black "Leenhouts, Koen"]
[Result "1/2-1/2"]
[WhiteElo "2178"]
[BlackElo "2425"]
[PlyCount "145"]
[EventDate "2019.08.11"]
[EventType "swiss"]
[EventRounds "9"]
[EventCountry "BEL"]
[SourceTitle "CBM 191 Extra"]
[Source "ChessBase"]
[SourceDate "2019.09.30"]
[SourceVersion "1"]
[SourceVersionDate "2019.09.30"]
[SourceQuality "1"]

1. e4 c5 2. Nf3 e6 3. c3 Nf6 4. Bd3 Nc6 5. Bc2 Be7 6. 0-0 0-0 7. Re1 e5 8. d4 d6 9. dxe5 dxe5 10. Bg5 Qc7 11. Bxf6 Bxf6 12. Nbd2 Ne7 13. Qe2 Ng6 14. g3 Bg4 15. Nc4 Bg5 16. a4 Qe7 17. Bb3 Rac8 18. Kg2 Rc6 19. h3 Bh5 20. Ne3 Bxe3 21. Qxe3 Bxf3+ 22. Qxf3 Rb6 23. Qd1 Qg5 24. a5 Rf6 25. Qg4 Qd2 26. Qe2 Qg5 27. Qg4 Qh6 28. Qe2 b5 29. axb6 Rxb6 30. Bd5 Qg5 31. Kh2 Qe7 32. Ra5 Rfb8 33. b3 Rd8 34. Rea1 Rd7 35. Qc4 Rc7 36. Qa4 h5 37. Rxa7 Rxa7 38. Qxa7 Qf6 39. Ra2 h4 40. Bxf7+ Kh7 41. Bxg6+ Qxg6 42. Qc7 Qf6 43. Qxc5 Rxb3 44. Qe3 hxg3+ 45. fxg3 Qf7 46. Qf2 Qxf2+ 47. Rxf2 Rxc3 48. Rf5 Rc2+ 49. Kg1 Rc1+ 50. Kf2 Rc5 51. Kf3 g6 52. Rf7+ Kh6 53. Re7 Kg5 54. h4+ Kf6 55. Ra7 Rc3+ 56. Kg4 Re3 57. Ra6+ Kf7 58. Ra7+ Kf6 59. Ra6+ Kf7 60. Ra4 Kf6 61. Rb4 Ke6 62. Rb6+ Kf7 63. Rb1 Kg7 64. Rf1 Kh6 65. Rf7 Rxe4+ 66. Kf3 Ra4 67. g4 Ra3+ 68. Kg2 Ra2+ 69. Kg3 Ra3+ 70. Rf3 Ra5 71. Rf7 Ra3+ 72. Rf3 Ra5 73. Rf7 1/2-1/2

[Event "NED-ch U20 op"]
[Site "Borne"]
[Date "2019.08.07"]
[Round "5"]
[White "Emans, Job"]
[Black "Van Malder, Dries"]
[Result "0-1"]
[WhiteElo "2089"]
[BlackElo "2178"]
[PlyCount "74"]
[EventDate "2019.08.05"]
[EventType "swiss"]
[EventRounds "9"]
[EventCountry "NED"]
[SourceTitle "CBM 191 Extra"]
[Source "ChessBase"]
[SourceDate "2019.09.30"]
[SourceVersion "1"]
[SourceVersionDate "2019.09.30"]
[SourceQuality "1"]

1. d4 Nf6 2. c4 e6 3. Nf3 Bb4+ 4. Bd2 Qe7 5. g3 Bxd2+ 6. Nbxd2 d6 7. Bg2 e5 8. dxe5 dxe5 9. e3 0-0 10. 0-0 a5 11. Qc2 Nc6 12. a3 Bg4 13. Ne4 Rad8 14. Nc3 Rfe8 15. Ng5 g6 16. Nge4 Nxe4 17. Bxe4 f5 18. Bd5+ Kg7 19. f3 Bh3 20. Rfe1 Nb8 21. c5 Qxc5 22. Ba2 Rd7 23. b4 axb4 24. axb4 Qxb4 25. Nd5 Qd6 26. Red1 Red8 27. f4 c6 28. Nc3 Qc5 29. Rxd7+ Rxd7 30. Re1 Na6 31. Qb3 Nb4 32. Na4 Qc2 33. Qxc2 Nxc2 34. Rc1 Rd2 35. fxe5 Nxe3 36. Bc4 Rg2+ 37. Kh1 Ng4 0-1

[Event "NED-ch U20 op"]
[Site "Borne"]
[Date "2019.08.07"]
[Round "4"]
[White "Van Malder, Dries"]
[Black "Baselmans, Luuk"]
[Result "1/2-1/2"]
[WhiteElo "2178"]
[BlackElo "2250"]
[PlyCount "52"]
[EventDate "2019.08.05"]
[EventType "swiss"]
[EventRounds "9"]
[EventCountry "NED"]
[SourceTitle "CBM 191 Extra"]
[Source "ChessBase"]
[SourceDate "2019.09.30"]
[SourceVersion "1"]
[SourceVersionDate "2019.09.30"]
[SourceQuality "1"]

1. e4 e6 2. d4 d5 3. exd5 exd5 4. Nf3 Bd6 5. c4 Nf6 6. Bd3 dxc4 7. Bxc4 0-0 8. 0-0 Nbd7 9. Nc3 Nb6 10. Bb3 c6 11. Bg5 Be7 12. Qd3 Nfd5 13. Bxe7 Nxe7 14. Rfe1 Bf5 15. Qe3 Ned5 16. Qe5 Be6 17. Ng5 Re8 18. Qg3 Qf6 19. Rad1 h6 20. Nce4 Qg6 21. Nxe6 Rxe6 22. Qxg6 fxg6 23. Nc5 Rxe1+ 24. Rxe1 Rb8 25. Re6 Kf7 26. g3 Nc8 1/2-1/2

[Event "NED-ch U20 op"]
[Site "Borne"]
[Date "2019.08.05"]
[Round "1"]
[White "Hempler, Poul"]
[Black "Van Malder, Dries"]
[Result "0-1"]
[WhiteElo "1809"]
[BlackElo "2178"]
[PlyCount "62"]
[EventDate "2019.08.05"]
[EventType "swiss"]
[EventRounds "9"]
[EventCountry "NED"]
[SourceTitle "CBM 191 Extra"]
[Source "ChessBase"]
[SourceDate "2019.09.30"]
[SourceVersion "1"]
[SourceVersionDate "2019.09.30"]
[SourceQuality "1"]

1. e4 c5 2. c3 d5 3. exd5 Qxd5 4. d4 Nc6 5. Nf3 Nf6 6. Be2 cxd4 7. cxd4 e6 8. Nc3 Qd6 9. 0-0 Be7 10. h3 0-0 11. Be3 b6 12. Qb3 Bb7 13. Rfd1 Rac8 14. Rd2 Rfd8 15. Rad1 Nb4 16. Ne5 Nbd5 17. Rc2 Nd7 18. Nd3 Nxe3 19. fxe3 Bg5 20. Ne1 Bxe3+ 21. Kh1 Qg3 22. Bf3 Bf4 23. Kg1 Be3+ 24. Kh1 Bf4 25. Kg1 Qh2+ 26. Kf1 Ba6+ 27. Be2 Be3 28. Bxa6 Qg1+ 29. Ke2 Qf2+ 30. Kd3 Ne5+ 31. Ke4 Qf4# 0-1

[Event "Ghent Eastman op 42nd"]
[Site "Ghent"]
[Date "2019.07.24"]
[Round "9"]
[White "Van Malder, Dries"]
[Black "Schriemer, Oene"]
[Result "1-0"]
[WhiteElo "2178"]
[BlackElo "2021"]
[PlyCount "75"]
[EventDate "2019.07.20"]
[EventType "swiss"]
[EventRounds "9"]
[EventCountry "BEL"]
[SourceTitle "CBM 191 Extra"]
[Source "ChessBase"]
[SourceDate "2019.09.30"]
[SourceVersion "1"]
[SourceVersionDate "2019.09.30"]
[SourceQuality "1"]

1. e4 d6 2. d4 Nf6 3. f3 e5 4. d5 c6 5. c4 Qb6 6. Nc3 Nbd7 7. Na4 Qc7 8. Be3 Be7 9. Bd3 Qa5+ 10. Bd2 Qc7 11. Ne2 h6 12. 0-0 g5 13. Kh1 c5 14. a3 Nf8 15. b4 b6 16. bxc5 bxc5 17. Rb1 Ng6 18. Nac3 Nf4 19. Bc2 Kf8 20. Ba4 Bd7 21. Bxd7 Qxd7 22. Ng3 Kg7 23. Nf5+ Kh7 24. Qa4 Qxa4 25. Nxa4 Bf8 26. Rb7 Kg6 27. Rfb1 g4 28. Rb8 Rxb8 29. Rxb8 gxf3 30. gxf3 Rg8 31. Bxf4 exf4 32. Rd8 Kh5 33. Nc3 Nh7 34. Ne2 Kg5 35. h4+ Kf6 36. Re8 Rh8 37. Nxf4 Bg7 38. Nh5+ 1-0

[Event "Wachtebeke-B"]
[Site "Wachtebeke"]
[Date "2019.03.04"]
[Round "5"]
[White "Van Malder, Dries"]
[Black "Vandendriessche, Jan"]
[Result "1-0"]
[WhiteElo "2125"]
[BlackElo "2168"]
[PlyCount "73"]
[EventDate "2019.03.02"]
[EventType "tourn"]
[EventRounds "9"]
[EventCountry "BEL"]
[SourceTitle "CBM 189 Extra"]
[Source "ChessBase"]
[SourceDate "2019.06.03"]
[SourceVersion "1"]
[SourceVersionDate "2019.06.03"]
[SourceQuality "1"]

1. Nf3 g6 2. g3 Bg7 3. Bg2 Nf6 4. d4 0-0 5. 0-0 d6 6. c4 c6 7. Nc3 Qa5 8. h3 Be6 9. Nd2 d5 10. Nb3 Qd8 11. Nc5 Bc8 12. b3 b6 13. Nd3 Bb7 14. Ne5 Nbd7 15. f4 e6 16. Ba3 Re8 17. Rc1 Rc8 18. e3 a6 19. Qe2 b5 20. Rfd1 Qa5 21. Bd6 bxc4 22. bxc4 Bf8 23. Bxf8 Nxf8 24. c5 N6d7 25. e4 f6 26. Nxd7 Nxd7 27. e5 fxe5 28. fxe5 Rf8 29. Qd2 Rce8 30. Rb1 Bc8 31. Ne4 Qc7 32. Nd6 Re7 33. Bf1 a5 34. Bd3 Qa7 35. Rf1 Rd8 36. Qg5 Nf8 37. Rb7 1-0

[Event "Wch U16"]
[Site "Porto Carras"]
[Date "2018.10.20"]
[Round "1"]
[White "Van Malder, Dries"]
[Black "Blohberger, Felix"]
[Result "1/2-1/2"]
[WhiteElo "2150"]
[BlackElo "2433"]
[PlyCount "78"]
[EventDate "2018.10.20"]
[EventType "swiss"]
[EventRounds "11"]
[EventCountry "GRE"]
[SourceTitle "CBM 187 Extra"]
[Source "ChessBase"]
[SourceDate "2018.11.04"]
[SourceVersion "1"]
[SourceVersionDate "2018.11.04"]
[SourceQuality "1"]

1. d4 Nf6 2. c4 g6 3. Nc3 Bg7 4. Nf3 0-0 5. g3 d6 6. Bg2 Nbd7 7. 0-0 e5 8. e4 exd4 9. Nxd4 Re8 10. h3 Nc5 11. Re1 Bd7 12. Bf4 h6 13. Qc2 Nfxe4 14. Nxe4 Bxd4 15. Qd2 Bg7 16. Nxc5 dxc5 17. Bxh6 Be6 18. Qxd8 Raxd8 19. Bxg7 Kxg7 20. b3 b6 21. Re2 Rh8 22. h4 a5 23. Rc1 Rd4 24. Be4 a4 25. Kg2 Rhd8 26. Rc3 a3 27. Rcc2 Rd1 28. Kf3 R8d4 29. Kg2 Kf6 30. Re3 R4d2 31. Re2 Rd4 32. Re3 R4d2 33. Re2 Rxc2 34. Bxc2 Rc1 35. Be4 Ra1 36. Bd3 Rd1 37. Bc2 Rc1 38. Be4 Rc3 39. Re3 Rc1 1/2-1/2

[Event "Charleville Mezieres op 14th"]
[Site "Charleville Mezieres"]
[Date "2017.12.26"]
[Round "6"]
[White "Van Malder, Dries"]
[Black "Joie, Sebastien"]
[Result "0-1"]
[WhiteElo "2018"]
[BlackElo "2363"]
[PlyCount "200"]
[EventDate "2017.12.26"]
[EventType "swiss"]
[EventRounds "7"]
[EventCountry "FRA"]
[SourceTitle "CBM 182 Extra"]
[Source "ChessBase"]
[SourceDate "2018.02.23"]
[SourceVersion "1"]
[SourceVersionDate "2018.02.23"]
[SourceQuality "1"]

1. d4 d5 2. c4 e6 3. Nc3 a6 4. cxd5 exd5 5. Nf3 Nf6 6. Bf4 Bd6 7. Bxd6 Qxd6 8. e3 Nc6 9. Bd3 0-0 10. 0-0 Bg4 11. a3 Rfe8 12. Qc2 Bxf3 13. gxf3 g6 14. Na4 Nd8 15. Rac1 Ne6 16. Nc5 Nxc5 17. Qxc5 Qxc5 18. Rxc5 c6 19. Rb1 Nd7 20. Rc2 f5 21. f4 Kf7 22. Kf1 Ke6 23. Ke2 Kd6 24. Rbc1 Rec8 25. Kd2 b6 26. Rc3 c5 27. b3 Nf8 28. Be2 Ne6 29. Bf3 Rab8 30. Kd3 Rc7 31. Be2 cxd4 32. Rxc7 Nxc7 33. Kxd4 Ne6+ 34. Kc3 a5 35. b4 Rc8+ 36. Kd2 Rxc1 37. Kxc1 axb4 38. axb4 d4 39. Kd2 dxe3+ 40. Kxe3 Nc7 41. Bc4 Ne8 42. f3 Nf6 43. Kd4 Nh5 44. Ke3 Kc6 45. Bg8 Nf6 46. Bc4 Kd6 47. Kd4 Nh5 48. Ke3 Ke7 49. Bg8 Kf6 50. h4 Kg7 51. Bd5 Kh6 52. Bc4 Nf6 53. Kf2 Kh5 54. Kg3 Ne8 55. Kh3 Nc7 56. Kg3 Kh6 57. Kf2 Kg7 58. Ke3 b5 59. Be2 Nd5+ 60. Kf2 Nxf4 61. Bxb5 Nd5 62. Be2 Nxb4 63. f4 Nd5 64. Kg3 Nc3 65. Bf3 Ne4+ 66. Kh3 Kf6 67. Be2 Ke6 68. Bc4+ Kd6 69. Ba2 Nf6 70. Kg3 Kc5 71. Kf3 Kd4 72. Bf7 Kd3 73. Be6 Kd2 74. Bf7 Ke1 75. Bc4 Kd2 76. Bf7 Kd3 77. Bb3 Kc3 78. Bf7 Kd4 79. Bb3 Kc5 80. Bf7 Kd6 81. Bb3 Ke7 82. Bc4 Ne4 83. Bd5 Nf6 84. Bc4 Kf8 85. Bb3 Kg7 86. Ba2 Kh6 87. Bc4 Ne4 88. Bb5 Kh5 89. Be2 Kxh4 90. Kg2 h6 91. Bc4 Kg4 92. Bf7 g5 93. fxg5 hxg5 94. Be6 Kf4 95. Bc8 g4 96. Bd7 Kg5 97. Be6 f4 98. Bd5 f3+ 99. Kf1 Kf4 100. Kg1 Nc3 0-1

[Event "BEL-ch U16"]
[Site "Blankenberge"]
[Date "2017.04.14"]
[Round "8"]
[White "Van Dijck, Bjarne"]
[Black "Van Malder, Dries"]
[Result "0-1"]
[WhiteElo "1749"]
[BlackElo "1884"]
[PlyCount "72"]
[EventDate "2017.04.09"]
[EventType "swiss"]
[EventRounds "9"]
[EventCountry "BEL"]
[SourceTitle "CBM 178 Extra"]
[Source "ChessBase"]
[SourceDate "2017.06.22"]
[SourceVersion "1"]
[SourceVersionDate "2017.06.22"]
[SourceQuality "1"]

1. e4 c5 2. Nf3 Nc6 3. Bb5 e6 4. 0-0 Nge7 5. b3 a6 6. Bxc6 Nxc6 7. Bb2 d6 8. d4 cxd4 9. Nxd4 Be7 10. Nxc6 bxc6 11. Bxg7 Rg8 12. Bb2 e5 13. Qh5 Bg4 14. Qxh7 Kd7 15. Nd2 Qf8 16. Nc4 Rh8 17. Nb6+ Kc7 18. Nxa8+ Kb7 19. Qxh8 Qxh8 20. f4 f6 21. Ba3 Qg7 22. c4 exf4 23. Rxf4 f5 24. Re1 Qd4+ 25. Rf2 Bg5 26. Bb2 Qc5 27. Bc1 Bxc1 28. Rxc1 fxe4 29. Rcf1 Be2 30. b4 Qd4 31. Rc1 Bxc4 32. g3 e3 33. Rf8 e2+ 34. Kg2 Qd2 35. Rxc4 e1Q+ 36. Kh3 Qe6+ 0-1

[Event "EU-ch U14 26th"]
[Site "Prague"]
[Date "2016.08.18"]
[Round "1"]
[White "Van Malder, Dries"]
[Black "Vrolijk, Liam"]
[Result "1/2-1/2"]
[WhiteElo "1883"]
[BlackElo "2221"]
[PlyCount "105"]
[EventDate "2016.08.18"]
[EventType "swiss"]
[EventRounds "9"]
[EventCountry "CZE"]
[SourceTitle "CBM 174 Extra"]
[Source "ChessBase"]
[SourceDate "2016.10.10"]
[SourceVersion "1"]
[SourceVersionDate "2016.10.10"]
[SourceQuality "1"]

1. d4 g6 2. c4 Bg7 3. Nc3 Nf6 4. e4 d6 5. f3 c6 6. Be3 a6 7. Bd3 Nfd7 8. Nge2 c5 9. d5 Ne5 10. a4 e6 11. 0-0 0-0 12. Nf4 Nxd3 13. Nxd3 Nd7 14. Qd2 Nb6 15. b3 exd5 16. cxd5 c4 17. a5 cxd3 18. Bxb6 Qf6 19. Rac1 Bd7 20. Qxd3 Rac8 21. Ne2 Qb2 22. Rxc8 Rxc8 23. Nd4 Rc3 24. Qb1 Qa3 25. Qe1 Rd3 26. Qh4 Bxd4+ 27. Bxd4 Rxd4 28. Qd8+ Kg7 29. Qxd7 Rd2 30. Kh1 Qb4 31. Qc7 Ra2 32. h3 Rxa5 33. e5 dxe5 34. Qxe5+ Kg8 35. Rc1 Rc5 36. Rd1 Qxb3 37. Qd4 Rc4 38. Qd2 Rc2 39. Qe1 Rc8 40. d6 Qe6 41. d7 Rd8 42. Qc3 b5 43. Qc5 b4 44. Rd6 Qe1+ 45. Kh2 Qa1 46. f4 Qg7 47. Qc8 Qf8 48. Qxa6 b3 49. Rd3 b2 50. Qb7 Qe7 51. Rd1 b1Q 52. Qxb1 Rxd7 53. Rxd7 1/2-1/2

[Event "BEL-ch U14"]
[Site "Blankenberge"]
[Date "2015.04.16"]
[Round "7"]
[White "Van Malder, Dries"]
[Black "Maerevoet, Sim"]
[Result "1/2-1/2"]
[WhiteElo "1474"]
[BlackElo "1459"]
[PlyCount "37"]
[EventDate "2015.04.12"]
[EventType "swiss"]
[EventRounds "9"]
[EventCountry "BEL"]
[SourceTitle "CBM 166 Extra"]
[Source "ChessBase"]
[SourceDate "2015.06.18"]
[SourceVersion "1"]
[SourceVersionDate "2015.06.18"]
[SourceQuality "1"]

1. d4 c5 2. d5 Nf6 3. c4 b5 4. e4 Nxe4 5. Qf3 Nd6 6. cxb5 a6 7. b6 Qxb6 8. Nc3 g6 9. Nh3 Bg7 10. Bd3 Bb7 11. 0-0 0-0 12. Na4 Qa5 13. Bc2 e6 14. Qf4 e5 15. Qf3 Nb5 16. Qd1 Nd4 17. Nc3 d6 18. f4 Nd7 19. Ng5 1/2-1/2

[Event "BEL-ch U14"]
[Site "Blankenberge"]
[Date "2015.04.15"]
[Round "5"]
[White "Van Dijck, Bjarne"]
[Black "Van Malder, Dries"]
[Result "1/2-1/2"]
[WhiteElo "1529"]
[BlackElo "1474"]
[PlyCount "40"]
[EventDate "2015.04.12"]
[EventType "swiss"]
[EventRounds "9"]
[EventCountry "BEL"]
[SourceTitle "CBM 166 Extra"]
[Source "ChessBase"]
[SourceDate "2015.06.18"]
[SourceVersion "1"]
[SourceVersionDate "2015.06.18"]
[SourceQuality "1"]

1. e4 c5 2. Nf3 d6 3. d4 cxd4 4. Nxd4 Nf6 5. Nc3 Nc6 6. Bg5 Bd7 7. Qd2 h6 8. Be3 a6 9. f3 e6 10. 0-0-0 Be7 11. Be2 b5 12. Nxc6 Bxc6 13. a3 d5 14. exd5 Nxd5 15. Nxd5 Bxd5 16. Bd3 Rb8 17. Be4 Bxe4 18. Qxd8+ Rxd8 19. Rxd8+ Kxd8 20. fxe4 Kc7 1/2-1/2